Vnímanie product placement na Slovensku
Product placement ako efektívy nástroj marketingovej komunikácie. Product placement v slovenských a zahraničných programoch na Slovensku.
Salvato in:
| Autore principale: | |
|---|---|
| Natura: | Capitolo di libro |
| Lingua: | slovacco |
| Soggetti: | |
| Tags: |
Nessun Tag, puoi essere il primo ad aggiungerne!!
|
MARC
| LEADER | 00000naa a2200000 4500 | ||
|---|---|---|---|
| 001 | 0207184 | ||
| 005 | 20220322115623.8 | ||
| 041 | 0 | |a slo | |
| 044 | |a SK | ||
| 245 | 1 | 0 | |a Vnímanie product placement na Slovensku |c Eva Poliačiková |
| 520 | |a Product placement ako efektívy nástroj marketingovej komunikácie. Product placement v slovenských a zahraničných programoch na Slovensku. | ||
| 610 | 2 | 0 | |a komunikácia marketingová |
| 610 | 2 | 0 | |a výrobky |
| 610 | 2 | 0 | |a stratégia marketingová |
| 610 | 2 | 0 | |a nástroje marketingové |
| 100 | 1 | |a Poliačiková, Eva | |